[Event "Magyar bajnokság, selejtezõ"]
[Site "Budapest"]
[Date "2019.12.04"]
[Round "1.1"]
[White "Antal, Gergely"]
[Black "Nagy, Gabor"]
[Result "1-0"]
[WhiteElo "2563"]
[BlackElo "2501"]
[PlyCount "71"]
[EventDate "2019.12.04"]
[EventType "k.o."]
[EventRounds "7"]
[EventCountry "HUN"]

1. e4 e5 2. Nf3 Nc6 3. Bc4 Bc5 4. b4 Bb6 5. a4 a6 6. Nc3 Nf6 7. Nd5 O-O 8. Nxb6
cxb6 9. d3 d5 10. exd5 Nxd5 11. O-O Bg4 12. h3 Nc3 13. Qe1 Bxf3 14. Qxc3 Nd4
15. Re1 Qf6 16. gxf3 Qg6+ 17. Kf1 Qf5 18. Kg2 Qg6+ 19. Kf1 Qf5 20. Kg2 Rad8 21.
Be3 Nxf3 22. Rh1 Rd6 23. Kf1 Rc8 24. b5 Kh8 25. Qb4 Qf6 26. bxa6 bxa6 27. Rb1
e4 28. Bxa6 Re8 29. dxe4 Nd4 30. Bd3 h6 31. Bxd4 Rxd4 32. Qxb6 Qf3 33. Rh2 Red8
34. Kg1 R8d6 35. Qb8+ Kh7 36. Rg2 1-0

[Event "Magyar bajnokság, selejtezõ"]
[Site "Budapest"]
[Date "2019.12.04"]
[Round "1.1"]
[White "Galyas, Miklos"]
[Black "Mihok, Oliver"]
[Result "1/2-1/2"]
[WhiteElo "2477"]
[BlackElo "2567"]
[PlyCount "35"]
[EventDate "2019.12.04"]
[EventType "k.o."]
[EventRounds "7"]
[EventCountry "HUN"]

1. c4 Nf6 2. Nc3 g6 3. g3 Bg7 4. Bg2 O-O 5. e4 d6 6. Nge2 c5 7. O-O Nc6 8. d3
Ne8 9. Be3 Nd4 10. Rb1 a5 11. Qd2 Nc7 12. Bh6 e5 13. Bxg7 Kxg7 14. f4 f6 15.
Nxd4 cxd4 16. Nd5 Nxd5 17. cxd5 Bd7 18. Rbc1 1/2-1/2

[Event "Magyar bajnokság, selejtezõ"]
[Site "Budapest"]
[Date "2019.12.04"]
[Round "1.1"]
[White "Sipos, Istvan"]
[Black "Gonda, Laszlo"]
[Result "1/2-1/2"]
[WhiteElo "2473"]
[BlackElo "2515"]
[PlyCount "36"]
[EventDate "2019.12.04"]
[EventType "k.o."]
[EventRounds "7"]
[EventCountry "HUN"]

1. e4 e5 2. Nf3 Nc6 3. Nc3 Nf6 4. d4 exd4 5. Nxd4 Bb4 6. Nxc6 bxc6 7. Bd3 O-O
8. O-O d5 9. Bd2 Rb8 10. exd5 cxd5 11. a3 Be7 12. b4 c5 13. bxc5 Bxc5 14. Bf4
Bd6 15. Qd2 Qc7 16. Bxd6 Qxd6 17. Nb5 Qc5 18. Qb4 Qxb4 1/2-1/2

[Event "Magyar bajnokság, selejtezõ"]
[Site "Budapest"]
[Date "2019.12.04"]
[Round "1.1"]
[White "Kaczur, Florian"]
[Black "Medvegy, Zoltan"]
[Result "1/2-1/2"]
[WhiteElo "2478"]
[BlackElo "2533"]
[PlyCount "64"]
[EventDate "2019.12.04"]
[EventType "k.o."]
[EventRounds "7"]
[EventCountry "HUN"]

1. e4 c6 2. d4 d5 3. exd5 cxd5 4. Bd3 Nc6 5. c3 Nf6 6. h3 g6 7. Bf4 Bf5 8. Be2
Bg7 9. Nf3 O-O 10. O-O Ne4 11. Nbd2 Nxd2 12. Qxd2 a6 13. Rfe1 Re8 14. g4 Bd7
15. Bf1 Na5 16. b3 Rc8 17. Ne5 Nc6 18. Bg2 Nxe5 19. Bxe5 e6 20. Bxg7 Kxg7 21.
Re3 Qg5 22. Rf1 Qf4 23. a4 Rh8 24. Qe1 b5 25. Rf3 Qd6 26. a5 b4 27. Qa1 h5 28.
gxh5 Rxh5 29. Rc1 Bb5 30. cxb4 Rxc1+ 31. Qxc1 Qxb4 32. Qc7 Rf5 1/2-1/2

[Event "Magyar bajnokság, selejtezõ"]
[Site "Budapest"]
[Date "2019.12.04"]
[Round "1.1"]
[White "Csonka, Balazs"]
[Black "Aczel, Gergely"]
[Result "1/2-1/2"]
[WhiteElo "2479"]
[BlackElo "2523"]
[PlyCount "59"]
[EventDate "2019.12.04"]
[EventType "k.o."]
[EventRounds "7"]
[EventCountry "HUN"]

1. e4 c5 2. Nf3 d6 3. d4 cxd4 4. Nxd4 Nf6 5. Nc3 a6 6. Be3 e5 7. Nb3 Be7 8. f3
Be6 9. Qd2 h5 10. Nd5 Nxd5 11. exd5 Bf5 12. Be2 Bh4+ 13. g3 Bf6 14. O-O-O Nd7
15. Kb1 Rc8 16. Bd3 Bxd3 17. Qxd3 Qc7 18. Nd2 b5 19. Rc1 Qb7 20. h4 Be7 21. Ne4
Nf6 22. Nxf6+ Bxf6 23. Bg5 Rc4 24. Bxf6 gxf6 25. Rhe1 Ke7 26. f4 Qc8 27. fxe5
fxe5 28. Rf1 Qg4 29. Qe3 Rhc8 30. Qa7+ 1/2-1/2

[Event "Magyar bajnokság, selejtezõ"]
[Site "Budapest"]
[Date "2019.12.04"]
[Round "1.1"]
[White "Czebe, Attila"]
[Black "Horvath, Adam"]
[Result "1/2-1/2"]
[WhiteElo "2374"]
[BlackElo "2489"]
[PlyCount "91"]
[EventDate "2019.12.04"]
[EventType "k.o."]
[EventRounds "7"]
[EventCountry "HUN"]

1. e4 c5 2. Nc3 Nc6 3. Bb5 Nd4 4. Nf3 e6 5. O-O a6 6. Bd3 Nc6 7. Re1 Nge7 8. b3
Ng6 9. Bb2 Be7 10. Bf1 Bf6 11. Na4 Bxb2 12. Nxb2 O-O 13. d4 cxd4 14. Nxd4 Qf6
15. Nxc6 dxc6 16. Nc4 b5 17. e5 Qg5 18. Qd2 Qxd2 19. Nxd2 Rd8 20. Bd3 c5 21.
Bxg6 Rxd2 22. Be4 Ra7 23. Bc6 Rc7 24. Rad1 Rxd1 25. Rxd1 f6 26. Rd8+ Kf7 27.
Bf3 fxe5 28. Kf1 a5 29. Be4 c4 30. Ke2 b4 31. Ke3 cxb3 32. axb3 Bb7 33. Bxb7
Rxb7 34. Rc8 Rd7 35. c3 bxc3 36. Rxc3 Kf6 37. Ke2 Rd4 38. Rc7 Rb4 39. Rc5 Rxb3
40. Rxa5 h5 41. h4 Rb4 42. g3 g6 43. Ra8 Rb3 44. Rf8+ Ke7 45. Ra8 Kf6 46. Rf8+
1/2-1/2

[Event "Magyar bajnokság, selejtezõ"]
[Site "Budapest"]
[Date "2019.12.05"]
[Round "1.2"]
[White "Nagy, Gabor"]
[Black "Antal, Gergely"]
[Result "1/2-1/2"]
[WhiteElo "2501"]
[BlackElo "2563"]
[PlyCount "53"]
[EventDate "2019.12.04"]
[EventType "k.o."]
[EventRounds "7"]
[EventCountry "HUN"]

1. c4 e5 2. Nc3 Nf6 3. g3 Bb4 4. Bg2 O-O 5. Nf3 Bxc3 6. bxc3 Re8 7. O-O d6 8.
d3 e4 9. Nd4 Nbd7 10. f3 exd3 11. exd3 d5 12. g4 dxc4 13. dxc4 Nb6 14. c5 Nbd5
15. Qd3 Nd7 16. Nb3 Ne5 17. Qd4 Nc6 18. Qd2 Be6 19. f4 Nf6 20. g5 Bxb3 21. axb3
Qxd2 22. Bxd2 Ne4 23. Bxe4 Rxe4 24. b4 Rd8 25. Rfe1 Rxe1+ 26. Bxe1 a6 27. Kf2
1/2-1/2

[Event "Magyar bajnokság, selejtezõ"]
[Site "Budapest"]
[Date "2019.12.05"]
[Round "1.3"]
[White "Gonda, Laszlo"]
[Black "Sipos, Istvan"]
[Result "1/2-1/2"]
[WhiteElo "2515"]
[BlackElo "2473"]
[PlyCount "81"]
[EventDate "2019.12.04"]
[EventType "k.o."]
[EventRounds "7"]
[EventCountry "HUN"]

{15'+5"} 1. d4 e6 2. c4 d5 3. Nf3 Nf6 4. g3 c5 5. cxd5 exd5 6. Bg2 Nc6 7. O-O
Be7 8. Nc3 O-O 9. dxc5 Bxc5 10. a3 Re8 11. b4 Bb6 12. Bg5 d4 13. Na4 Bg4 14.
Nxb6 Qxb6 15. Bxf6 gxf6 16. Qd2 Kg7 17. Rfe1 a5 18. Rab1 axb4 19. axb4 Rad8 20.
b5 Ne5 21. Nh4 Ng6 22. Nf3 Ne5 23. Qf4 Bxf3 24. Bxf3 d3 25. exd3 Nxd3 26. Qg4+
Kh8 27. Rxe8+ Rxe8 28. Rf1 Qxb5 29. Be4 Qa4 30. f3 Qd4+ 31. Kg2 Nc5 32. Qf5
Nxe4 33. fxe4 Qxe4+ 34. Qxe4 Rxe4 35. Rxf6 Kg7 36. Rb6 Re7 37. Kf3 Rc7 38. Kf4
Rc4+ 39. Kf5 Rc5+ 40. Kf4 Rc4+ 41. Kf5 1/2-1/2

[Event "Magyar bajnokság, selejtezõ"]
[Site "Budapest"]
[Date "2019.12.05"]
[Round "1.3"]
[White "Medvegy, Zoltan"]
[Black "Kaczur, Florian"]
[Result "1/2-1/2"]
[WhiteElo "2533"]
[BlackElo "2478"]
[PlyCount "25"]
[EventDate "2019.12.04"]
[EventType "k.o."]
[EventRounds "7"]
[EventCountry "HUN"]

{15'+5"} 1. Nf3 Nf6 2. c4 e6 3. Nc3 d5 4. e3 dxc4 5. Bxc4 a6 6. a4 b6 7. O-O
Bb7 8. d4 Bb4 9. Qe2 O-O 10. Rd1 Qe7 11. Bd2 Nbd7 12. Be1 Rfd8 13. Na2 1/2-1/2

[Event "Magyar bajnokság, selejtezõ"]
[Site "Budapest"]
[Date "2019.12.05"]
[Round "1.3"]
[White "Kantor, Gergely"]
[Black "Nemeth, Miklos"]
[Result "1-0"]
[WhiteElo "2541"]
[BlackElo "2496"]
[PlyCount "91"]
[EventDate "2019.12.04"]
[EventType "k.o."]
[EventRounds "7"]
[EventCountry "HUN"]

{15'+5"} 1. Nf3 Nc6 2. d4 d5 3. c4 Bg4 4. Nc3 e6 5. Bg5 Be7 6. Bxe7 Ngxe7 7. e3
O-O 8. Bd3 h6 9. cxd5 exd5 10. O-O Qd6 11. Rc1 a6 12. Na4 Nd8 13. Nc5 a5 14.
Be2 Ng6 15. Qc2 c6 16. h3 Bxf3 17. Bxf3 f5 18. Nxb7 Nxb7 19. Qxc6 Rab8 20.
Bxd5+ Kh7 21. Qxd6 Nxd6 22. b3 Rfc8 23. g3 Ne7 24. Be6 Rxc1 25. Rxc1 Kg6 26.
Bd7 Rd8 27. Rc7 Nd5 28. Ra7 Nb4 29. a3 Nd3 30. Bc6 Ne4 31. g4 Nexf2 32. gxf5+
Kxf5 33. Rxg7 Nxh3+ 34. Kf1 Ng5 35. Bb5 Nc1 36. Bc4 a4 37. bxa4 Rc8 38. Bb5 Rc2
39. a5 Rb2 40. Bc6 Nd3 41. a6 Rf2+ 42. Kg1 Nh3+ 43. Kh1 Rd2 44. a7 Ndf2+ 45.
Kg2 Ng5 46. Rxg5+ 1-0

[Event "Magyar bajnokság, selejtezõ"]
[Site "Budapest"]
[Date "2019.12.05"]
[Round "1.3"]
[White "Horvath, Csaba"]
[Black "Videki, Sandor"]
[Result "1-0"]
[WhiteElo "2513"]
[BlackElo "2397"]
[PlyCount "118"]
[EventDate "2019.12.04"]
[EventType "k.o."]
[EventRounds "7"]
[EventCountry "HUN"]

{15'+5"} 1. d4 e6 2. Nf3 Nf6 3. c4 Bb4+ 4. Bd2 c5 5. Bxb4 cxb4 6. e3 b6 7. Be2
Bb7 8. O-O O-O 9. a3 bxa3 10. Rxa3 d6 11. b4 a6 12. Nc3 Nbd7 13. Nd2 Qc7 14.
Bf3 Rac8 15. Bxb7 Qxb7 16. Qf3 d5 17. c5 b5 18. Nb3 Nb8 19. Na5 Qe7 20. e4 Rfd8
21. e5 Ne8 22. Rfa1 Rd7 23. Qd3 Ra7 24. g3 Qd7 25. h4 Nc7 26. f4 Nc6 27. Nxc6
Qxc6 28. h5 Rf8 29. h6 g6 30. Kg2 Raa8 31. Ra5 Kh8 32. Re1 Qd7 33. Nd1 Qe7 34.
Nf2 Rfc8 35. Nh3 Qf8 36. Ng5 Kg8 37. g4 f5 38. exf6 Qxf6 39. Qe3 Rf8 40. Kg3
Rae8 41. Qe5 Qxe5 42. Rxe5 Rf6 43. Ra1 Ref8 44. Rf1 Kh8 45. Rfe1 Rxf4 46. Nxe6
Nxe6 47. Rxe6 g5 48. R6e5 Rxd4 49. Rxg5 Rxb4 50. Rxd5 Rg8 51. g5 Rc4 52. Re7 b4
53. Kf3 b3 54. Rb7 Rc3+ 55. Ke4 a5 56. Rdd7 Rxg5 57. Rxh7+ Kg8 58. Rhc7 Kh8 59.
h7 Rg4+ 1-0

[Event "Magyar bajnokság, selejtezõ"]
[Site "Budapest"]
[Date "2019.12.05"]
[Round "1.4"]
[White "Sipos, Istvan"]
[Black "Gonda, Laszlo"]
[Result "1/2-1/2"]
[WhiteElo "2473"]
[BlackElo "2515"]
[PlyCount "50"]
[EventDate "2019.12.04"]
[EventType "k.o."]
[EventRounds "7"]
[EventCountry "HUN"]

{15'+5"} 1. c4 c5 2. Nc3 Nc6 3. g3 g6 4. Bg2 Bg7 5. Nf3 d6 6. O-O e6 7. e3 Nge7
8. b3 Nf5 9. Bb2 O-O 10. Qb1 d5 11. cxd5 exd5 12. Rc1 Nfe7 13. Na4 Bf5 14. d3
Bxb2 15. Qxb2 b6 16. d4 cxd4 17. Nxd4 Rc8 18. Nxf5 Nxf5 19. Rd1 d4 20. Bh3 Qd5
21. Bxf5 Qxf5 22. exd4 Rfd8 23. Rd2 b5 24. Nc5 Nxd4 25. Rxd4 Qxc5 1/2-1/2

[Event "Magyar bajnokság, selejtezõ"]
[Site "Budapest"]
[Date "2019.12.05"]
[Round "1.4"]
[White "Kaczur, Florian"]
[Black "Medvegy, Zoltan"]
[Result "1/2-1/2"]
[WhiteElo "2478"]
[BlackElo "2533"]
[PlyCount "76"]
[EventDate "2019.12.04"]
[EventType "k.o."]
[EventRounds "7"]
[EventCountry "HUN"]

{15'+5"} 1. e4 c6 2. Nf3 d5 3. d3 dxe4 4. dxe4 Qxd1+ 5. Kxd1 f6 6. Bc4 e5 7.
Be3 Nd7 8. a4 Bc5 9. Ke2 a5 10. Nfd2 Bxe3 11. Kxe3 Nh6 12. f3 Nf7 13. Rd1 Nd6
14. Bb3 Ke7 15. Nc4 Nxc4+ 16. Bxc4 Nc5 17. Nc3 Be6 18. Bxe6 Nxe6 19. Ne2 Rhd8
20. b3 Rxd1 21. Rxd1 Rd8 22. Rxd8 Kxd8 23. Nc1 Kc7 24. c3 b5 25. Nd3 Kb6 26.
Kd2 h5 27. g3 Nc5 28. Nxc5 Kxc5 29. Kd3 g6 30. h3 Kd6 31. axb5 cxb5 32. b4 a4
33. g4 h4 34. Kc2 Kc6 35. Kb2 Kb6 36. Ka3 Kc6 37. Kb2 Kb6 38. Ka3 Kc6 1/2-1/2

[Event "Magyar bajnokság, selejtezõ"]
[Site "Budapest"]
[Date "2019.12.05"]
[Round "1.4"]
[White "Nemeth, Miklos"]
[Black "Kantor, Gergely"]
[Result "1-0"]
[WhiteElo "2496"]
[BlackElo "2541"]
[PlyCount "81"]
[EventDate "2019.12.04"]
[EventType "k.o."]
[EventRounds "7"]
[EventCountry "HUN"]

{15'+5"} 1. e4 e5 2. Nf3 Nc6 3. c3 Nf6 4. Qc2 d5 5. d3 a5 6. a4 g6 7. Be2 Bg7
8. O-O O-O 9. Na3 h6 10. Re1 Re8 11. Nb5 Be6 12. h3 g5 13. Nh2 Qd7 14. Be3 Ne7
15. Rad1 c6 16. Na3 Ng6 17. exd5 Nxd5 18. d4 e4 19. c4 Ndf4 20. Bf1 f5 21. d5
Bf7 22. dxc6 Qxc6 23. c5 Red8 24. Nb5 Nd5 25. Bd4 Rac8 26. Na7 Qc7 27. Nxc8
Rxc8 28. Bc4 Bf8 29. Nf1 Ndf4 30. Ne3 Nh4 31. Qb3 Nd3 32. Rxd3 exd3 33. Nd5 Qc6
34. Ne7+ Bxe7 35. Bxf7+ Kf8 36. Bd5 d2 37. Bg7+ Kxg7 38. Rxe7+ Kf8 39. Rf7+ Ke8
40. Bxc6+ Rxc6 41. Rh7 1-0

[Event "Magyar bajnokság, selejtezõ"]
[Site "Budapest"]
[Date "2019.12.05"]
[Round "1.4"]
[White "Videki, Sandor"]
[Black "Horvath, Csaba"]
[Result "1/2-1/2"]
[WhiteElo "2397"]
[BlackElo "2513"]
[PlyCount "112"]
[EventDate "2019.12.04"]
[EventType "k.o."]
[EventRounds "7"]
[EventCountry "HUN"]

{15'+5"} 1. e4 c5 2. Nf3 e6 3. c3 d5 4. e5 d4 5. Na3 Nc6 6. Bd3 Nge7 7. O-O Ng6
8. Nc4 Be7 9. Be4 Bd7 10. b4 O-O 11. cxd4 cxd4 12. a3 Rc8 13. d3 b5 14. Ncd2
Ngxe5 15. Nxe5 Nxe5 16. Bxh7+ Kxh7 17. Qh5+ Kg8 18. Qxe5 Bc6 19. Ne4 Qd5 20.
Qg3 Qh5 21. Re1 Bxe4 22. dxe4 Rc3 23. Qf4 e5 24. Qf5 Qxf5 25. exf5 Bd6 26. Bd2
Rc2 27. Rad1 Rfc8 28. f4 exf4 29. Re4 R8c4 30. Bxf4 Bxf4 31. Rxf4 Ra2 32. Rfxd4
Rxd4 33. Rxd4 Rxa3 34. Rd8+ Kh7 35. Rf8 f6 36. Rb8 a6 37. Ra8 Ra4 38. g3 Rxb4
39. Rxa6 Rb2 40. h4 b4 41. Rb6 b3 42. g4 Kg8 43. Rb7 Kf8 44. g5 fxg5 45. hxg5
Ke8 46. g6 Kf8 47. Kf1 Rb1+ 48. Kf2 b2 49. Kg2 Rc1 50. Rxb2 Rc5 51. Rb8+ Ke7
52. Rb7+ Kf6 53. Rf7+ Kg5 54. f6 Kxg6 55. Rxg7+ Kxf6 56. Rg3 Ke5 1/2-1/2

[Event "Magyar bajnokság, selejtezõ"]
[Site "Budapest"]
[Date "2019.12.05"]
[Round "1.5"]
[White "Sipos, Istvan"]
[Black "Gonda, Laszlo"]
[Result "0-1"]
[WhiteElo "2473"]
[BlackElo "2515"]
[PlyCount "90"]
[EventDate "2019.12.04"]
[EventType "k.o."]
[EventRounds "7"]
[EventCountry "HUN"]

{3'+2"} 1. c4 b6 2. Nc3 Bb7 3. e4 Nf6 4. d3 c5 5. g3 g6 6. Bg2 Bg7 7. Nge2 O-O
8. O-O Nc6 9. h3 Ne8 10. a3 Nc7 11. Rb1 Ne6 12. b4 d6 13. f4 Ned4 14. Kh2 Qd7
15. b5 Nd8 16. Nxd4 cxd4 17. Ne2 f5 18. Bb2 e5 19. a4 Ne6 20. exf5 gxf5 21. Qc2
Bxg2 22. Kxg2 Qb7+ 23. Kh2 e4 24. Rbd1 e3 25. Ng1 Rac8 26. Ba3 Rfd8 27. Rde1 d5
28. Qg2 Qf7 29. cxd5 Nc5 30. Bxc5 Rxc5 31. Nf3 Qxd5 32. g4 Rdc8 33. Re2 Kh8 34.
Rg1 Qd6 35. Qg3 Rc2 36. Rgg2 Rxe2 37. Rxe2 fxg4 38. hxg4 Rf8 39. f5 Qxg3+ 40.
Kxg3 Rc8 41. Kf4 Rc3 42. g5 Rxd3 43. f6 Bf8 44. Ke4 Ra3 45. Nxd4 Rxa4 {46.Ne4
szabálytalan lépés miatt feladta.} 0-1

[Event "Magyar bajnokság, selejtezõ"]
[Site "Budapest"]
[Date "2019.12.05"]
[Round "1.5"]
[White "Kaczur, Florian"]
[Black "Medvegy, Zoltan"]
[Result "1-0"]
[WhiteElo "2478"]
[BlackElo "2533"]
[PlyCount "39"]
[EventDate "2019.12.04"]
[EventType "k.o."]
[EventRounds "7"]
[EventCountry "HUN"]

{3'+2"} 1. e4 c6 2. d3 d5 3. Nd2 g6 4. Ngf3 Bg7 5. Be2 e5 6. O-O Ne7 7. b4 O-O
8. Bb2 Qc7 9. Re1 h6 10. Bf1 dxe4 11. Nxe4 Bg4 12. h3 Bxf3 13. Qxf3 f5 14. Nc5
e4 15. dxe4 Bxb2 16. Qb3+ Kh7 17. Ne6 Qc8 18. Nxf8+ Qxf8 19. Qxb2 f4 20. Rad1
1-0

[Event "Magyar bajnokság, selejtezõ"]
[Site "Budapest"]
[Date "2019.12.05"]
[Round "1.5"]
[White "Nemeth, Miklos"]
[Black "Kantor, Gergely"]
[Result "1-0"]
[WhiteElo "2496"]
[BlackElo "2541"]
[PlyCount "125"]
[EventDate "2019.12.04"]
[EventType "k.o."]
[EventRounds "7"]
[EventCountry "HUN"]

{3'+2"} 1. e4 e5 2. Nf3 Nc6 3. Bc4 Bc5 4. O-O Nf6 5. d3 O-O 6. Nbd2 d6 7. a4 a5
8. c3 h6 9. h3 Nh7 10. Nb3 Bb6 11. Be3 Bxe3 12. fxe3 Be6 13. Nbd2 Qe7 14. Qe1
Kh8 15. Nh4 g6 16. Bxe6 Qxe6 17. Qg3 Ne7 18. d4 f5 19. d5 Qg8 20. c4 Ng5 21.
exf5 Nxf5 22. Nxf5 gxf5 23. Kh2 Rf7 24. Qh4 Qg6 25. Rf2 Raf8 26. Raf1 Kh7 27.
b3 b6 28. Qg3 Qh5 29. h4 Kh8 30. Kg1 Nh7 31. Qh3 Qg6 32. Nf3 Nf6 33. h5 Qxh5
34. Qxh5 Nxh5 35. Nh4 Ng3 36. Re1 Kh7 37. Rf3 Ne4 38. Re2 Ng5 39. Rf1 f4 40.
exf4 Rxf4 41. Rxf4 Rxf4 42. g3 Rd4 43. Re3 Rd2 44. Nf5 e4 45. Nh4 Kg7 46. Kf1
Kf6 47. Ke1 Rb2 48. Kf1 Ke5 49. Ke1 Rb1+ 50. Kf2 Rb2+ 51. Kf1 Ra2 52. Ke1 Rb2
53. Kf1 Nh7 54. Nf3+ Kf5 55. Nh4+ Kg4 56. Rxe4+ Kxg3 57. Ke1 Ng5 58. Rd4 Nf3+
59. Nxf3 Kxf3 60. Rh4 Rxb3 61. Rh3+ Ke4 62. Rxb3 Kd4 63. Rb1 1-0

[Event "Magyar bajnokság, selejtezõ"]
[Site "Budapest"]
[Date "2019.12.05"]
[Round "1.6"]
[White "Gonda, Laszlo"]
[Black "Sipos, Istvan"]
[Result "0-1"]
[WhiteElo "2515"]
[BlackElo "2473"]
[PlyCount "38"]
[EventDate "2019.12.04"]
[EventType "k.o."]
[EventRounds "7"]
[EventCountry "HUN"]

{3'+2"} 1. Nf3 c5 2. c4 Nf6 3. b3 d5 4. cxd5 Nxd5 5. Bb2 Nc6 6. e3 Ndb4 7. d3
Bf5 8. e4 Bg4 9. a3 Bxf3 10. gxf3 Na6 11. b4 cxb4 12. d4 e6 13. d5 bxa3 14. Bc3
exd5 15. exd5 Qe7+ 16. Be2 O-O-O 17. Kf1 Ncb4 18. Nxa3 Nxd5 19. Bxa6 Ne3+ 0-1

[Event "Magyar bajnokság, selejtezõ"]
[Site "Budapest"]
[Date "2019.12.05"]
[Round "1.6"]
[White "Medvegy, Zoltan"]
[Black "Kaczur, Florian"]
[Result "0-1"]
[WhiteElo "2533"]
[BlackElo "2478"]
[PlyCount "125"]
[EventDate "2019.12.04"]
[EventType "k.o."]
[EventRounds "7"]
[EventCountry "HUN"]

{3'+2"} 1. Nf3 Nf6 2. c4 e6 3. g3 d5 4. Bg2 dxc4 5. Qa4+ c6 6. Qxc4 b5 7. Qb3
Bb7 8. O-O Nbd7 9. Nc3 a6 10. a4 Be7 11. d3 O-O 12. Be3 Rc8 13. Rfc1 Ng4 14.
axb5 cxb5 15. Nd1 Nxe3 16. Nxe3 Qb6 17. Qa2 h6 18. Ne1 Bxg2 19. Rxc8 Rxc8 20.
Kxg2 Qb7+ 21. Nf3 Rc6 22. Kg1 Bf6 23. Rb1 Ne5 24. Nxe5 Bxe5 25. b4 Bd4 26. Nc2
Bf6 27. Ne3 Bd4 28. Nc2 Bf6 29. Ne1 Qc7 30. Qb3 Rc3 31. Qd1 Be7 32. Qd2 Rc6 33.
e3 e5 34. Nf3 Rc2 35. Qd1 Bd6 36. d4 Rc4 37. Nxe5 Bxe5 38. dxe5 Qxe5 39. Qd8+
Kh7 40. Qd7 Qe6 41. Qxe6 fxe6 42. Ra1 Rc6 43. Kg2 Kg6 44. h3 Kf5 45. Rd1 g5 46.
Rd4 Kf6 47. f4 Rc4 48. Rd6 Rxb4 49. Rxa6 Rb3 50. Kf3 gxf4 51. gxf4 Rb1 52. Rb6
Rb2 53. Ke4 Rb4+ 54. Kd3 Rb1 55. Ke4 Rb4+ 56. Kf3 Rb1 57. e4 Kf7 58. Rb7+ Kf6
59. Rb6 Kf7 60. Rb7+ Kg6 61. Rb6 Kf7 62. e5 h5 63. Kg3 0-1

[Event "Magyar bajnokság, selejtezõ"]
[Site "Budapest"]
[Date "2019.12.05"]
[Round "1.6"]
[White "Kantor, Gergely"]
[Black "Nemeth, Miklos"]
[Result "1-0"]
[WhiteElo "2541"]
[BlackElo "2496"]
[PlyCount "91"]
[EventDate "2019.12.04"]
[EventType "k.o."]
[EventRounds "7"]
[EventCountry "HUN"]

{3'+2"} 1. Nf3 Nc6 2. d4 d5 3. c4 Bg4 4. cxd5 Bxf3 5. gxf3 Qxd5 6. e3 e5 7. Nc3
Bb4 8. a3 Bxc3+ 9. bxc3 Nf6 10. Bd3 O-O 11. Rg1 Rfe8 12. Kf1 Qd6 13. Rg2 Rad8
14. Bb2 a6 15. Qc2 Kh8 16. Kg1 b5 17. Kh1 Qd5 18. Be2 e4 19. c4 bxc4 20. Bxc4
Qh5 21. fxe4 Rxe4 22. Be2 Qd5 23. Bf3 Rde8 24. Rc1 R8e6 25. Qc5 Ne7 26. Qxd5
Nexd5 27. Bxe4 Rxe4 28. Rc6 h5 29. Rxa6 Re8 30. Rg1 Rb8 31. Ba1 Rb3 32. a4 Ne4
33. Kg2 Ra3 34. Ra5 c6 35. Ra8+ Kh7 36. Kf3 Nd2+ 37. Kg2 Ne4 38. Bb2 Ra2 39.
Rb8 Rxa4 40. Ra1 Rc4 41. Rc1 Rb4 42. Rxb4 Nxb4 43. Ba3 Nd3 44. Rf1 Kg6 45. f3
Nf6 46. Rd1 1-0

[Event "Magyar bajnokság, selejtezõ"]
[Site "Budapest"]
[Date "2019.12.05"]
[Round "1.7"]
[White "Gonda, Laszlo"]
[Black "Sipos, Istvan"]
[Result "0-1"]
[WhiteElo "2515"]
[BlackElo "2473"]
[PlyCount "100"]
[EventDate "2019.12.04"]
[EventType "k.o."]
[EventRounds "7"]
[EventCountry "HUN"]

{5'-4' armageddon} 1. Nf3 Nf6 2. g3 d5 3. Bg2 e6 4. O-O Be7 5. c4 O-O 6. b3 d4
7. e3 c5 8. exd4 cxd4 9. Bb2 Nc6 10. Re1 Ne8 11. Ne5 Nxe5 12. Rxe5 f6 13. Re1
e5 14. f4 exf4 15. Qf3 Kh8 16. Qxf4 Bc5 17. d3 Qd6 18. Nd2 Qxf4 19. gxf4 Nd6
20. Ne4 Nxe4 21. Bxe4 Rb8 22. a3 a5 23. Bc1 b5 24. Bd2 bxc4 25. bxc4 a4 26.
Rab1 Bd7 27. Bb4 Rbc8 28. Bxc5 Rxc5 29. Rb7 Bf5 30. Ra7 Re8 31. Rxa4 Bxe4 32.
Rxe4 Rg8 33. Rxd4 g5 34. Kf2 gxf4 35. Rxf4 Rh5 36. Rxf6 Rxh2+ 37. Ke3 Rh3+ 38.
Rf3 Re8+ 39. Kf2 Rh2+ 40. Kg3 Rd2 41. c5 Rg8+ 42. Rg4 Rd8 43. c6 Rc8 44. Rc4
Rd8 45. c7 Rc8 46. Kf4 Kg7 47. Ke5 h5 48. Kd6 h4 49. Kd7 Ra8 50. c8=Q Rxc8 $138
0-1

[Event "Magyar bajnokság, selejtezõ"]
[Site "Budapest"]
[Date "2019.12.05"]
[Round "1.7"]
[White "Kantor, Gergely"]
[Black "Nemeth, Miklos"]
[Result "0-1"]
[WhiteElo "2541"]
[BlackElo "2496"]
[PlyCount "106"]
[EventDate "2019.12.04"]
[EventType "k.o."]
[EventRounds "7"]
[EventCountry "HUN"]

{5'-4' armageddon} 1. d4 Nf6 2. c4 e6 3. Nc3 Bb4 4. f3 d5 5. a3 Be7 6. e4 dxe4
7. fxe4 e5 8. d5 c6 9. Nf3 Bg4 10. h3 Bh5 11. Bd3 Qc7 12. Be3 Nbd7 13. O-O O-O
14. Rc1 a5 15. Ne2 Bc5 16. Bxc5 Nxc5 17. Ng3 Bg6 18. Qe2 a4 19. Bb1 Nh5 20.
Nxh5 Bxh5 21. g4 Bg6 22. Qe3 b6 23. Rcd1 Rad8 24. h4 f6 25. h5 Be8 26. Nh4 Nb3
27. Ba2 Nd4 28. c5 Bf7 29. d6 Qd7 30. Bxf7+ Rxf7 31. Nf5 bxc5 32. Kh2 Qb7 33.
g5 Nxf5 34. Rxf5 Qxb2+ 35. Rf2 Qb3 36. Rd3 Qe6 37. g6 Rfd7 38. gxh7+ Kxh7 39.
Qg3 Qf7 40. h6 gxh6 41. Rdf3 Rxd6 42. Qh3 Rd2 43. Qf5+ Kh8 44. Rh3 Qg7 45. Rg3
Rxf2+ 46. Qxf2 Qf7 47. Qe3 Kh7 48. Rh3 Qg6 49. Rg3 Qf7 50. Qxc5 Rd2+ 51. Kg1
Qd7 52. Qf8 Qd4+ 53. Kf1 Qa1# 0-1

[Event "Magyar bajnokság, döntõ"]
[Site "Budapest"]
[Date "2019.12.10"]
[Round "1.1"]
[White "Czebe, Attila"]
[Black "Almasi, Zoltan"]
[Result "0-1"]
[WhiteElo "2374"]
[BlackElo "2691"]
[PlyCount "100"]
[EventDate "2019.12.10"]
[EventType "k.o."]
[EventRounds "4"]
[EventCountry "HUN"]

1. d4 Nf6 2. g3 d5 3. c4 dxc4 4. Bg2 e5 5. Qa4+ Qd7 6. Qxd7+ Nbxd7 7. Nf3 exd4
8. Nxd4 c6 9. O-O Bc5 10. Nc2 Nb6 11. Be3 Bxe3 12. Nxe3 Be6 13. Nc3 O-O-O 14.
Rad1 Rxd1 15. Rxd1 Rd8 16. Rxd8+ Kxd8 17. f4 Ke7 18. Bf3 g6 19. Kf2 Nfd7 20. g4
Nc5 21. f5 Bd7 22. Be4 Kf6 23. Bc2 Ke5 24. h4 Kf4 25. fxg6 fxg6 26. g5 Bh3 27.
Bb1 Nba4 28. Nxa4 Nxa4 29. Nxc4 Be6 30. Nd6 Nxb2 31. Nxb7 Nd1+ 32. Ke1 Nc3 33.
Nc5 Bc8 34. Bd3 Kg4 35. Bc4 Kxh4 36. Bg8 Kxg5 37. Bxh7 Nxa2 38. Ne4+ Kh6 39.
Bg8 Nb4 40. Bb3 Bf5 41. Nd6 Kg5 42. e4 Bd7 43. Kd2 Kf4 44. Kc3 Na6 45. Nb7 Ke5
46. Bc4 Nc7 47. Nd8 g5 48. Kd3 Kf4 49. Kd4 g4 50. Bf1 Ne6+ 0-1

[Event "Magyar bajnokság, döntõ"]
[Site "Budapest"]
[Date "2019.12.10"]
[Round "1.1"]
[White "Berkes, Ferenc"]
[Black "Horvath, Csaba"]
[Result "1/2-1/2"]
[WhiteElo "2656"]
[BlackElo "2513"]
[PlyCount "111"]
[EventDate "2019.12.10"]
[EventType "k.o."]
[EventRounds "4"]
[EventCountry "HUN"]

1. d4 g6 2. c4 Bg7 3. Nc3 e6 4. Nf3 Ne7 5. Bf4 d6 6. e3 Nd7 7. h3 O-O 8. Be2 e5
9. Bh2 exd4 10. exd4 Nf6 11. O-O Bf5 12. Nh4 Bd7 13. Re1 Nf5 14. Nxf5 Bxf5 15.
Bf3 Ne8 16. Bxb7 Rb8 17. Qf3 Bxd4 18. Rad1 Bxc3 19. bxc3 Qf6 20. Bd5 Be6 21.
Qxf6 Nxf6 22. Bxe6 fxe6 23. c5 Ne8 24. Rxe6 dxc5 25. f3 Nd6 26. Bxd6 Rfd8 27.
Kh2 Rb2 28. a4 Ra2 29. Re7 Rxd6 30. Rxd6 cxd6 31. Rxa7 Ra3 32. Rd7 Rxc3 33.
Rxd6 Ra3 34. Rc6 Rxa4 35. Rxc5 h5 36. Rc7 Ra2 37. Kg3 Kf8 38. Rb7 Kg8 39. f4
Rc2 40. Ra7 Rb2 41. Rd7 Ra2 42. Kf3 Ra3+ 43. Ke4 Rg3 44. Rd2 Kg7 45. f5 gxf5+
46. Kxf5 Kh6 47. Kf4 Rg6 48. g3 Rf6+ 49. Ke4 Kg6 50. Rd5 Ra6 51. h4 Rf6 52. Ra5
Re6+ 53. Re5 Rf6 54. Kd5 Rf3 55. Rg5+ Kh6 56. Ke4 1/2-1/2